000 00829nam a22002657a 4500
008 130618b xxu||||| |||| 00| 0 eng d
020 _a81-7024-862-0
024 _cAvailable
037 _cAvailable
040 _aMBSTU LIBRARY
_dMBSTU LIBRARY
082 _222
_a345.05 VAP
100 _aVadackumchery, James.
110 _aBerdell R Funke and Christine L Case.
245 _aThe police the people and criminal justice.
260 _aNew Delhi
_bAPH Publishing Corporation.
_c1997
300 _a23 cm.
_bxiv,210 page
_f1
_g23 cm.
600 _2Criminal justice.
650 _2Criminal justice.
700 _aVadackumchery, James.
710 _aBerdell R Funke and Christine L Case.
270 _aNew Delhi
_bNew Delhi
_dIndia
365 _b679.00
_d679.00
942 _2ddc
_cBK
999 _c496
_d496